000 00394nam a2200169Ia 4500
003 IT-RoPAU
008 120407s9999 xx 000 0 und d
040 _aIT-RoPAU
040 _cIT-RoPAU
100 _aGiuseppe Annibale
245 _aAlla sorgente. Cinque minuti di Vangelo
250 _aRovigo
260 _aIstituto Padano Arti Grafiche
300 _c cm
490 _v1
942 _cBK
999 _c7007
_d7007